Biggest U.S. Cities that Haven't Declined in Population - Statistics

General Stats
  • This quiz has been taken 153 times
  • The average score is 14 of 20
Answer Stats
Population City % Correct
2,304,580 Houston
97%
1,304,379 Dallas
95%
1,608,139 Phoenix
95%
3,898,747 Los Angeles
94%
961,855 Austin
91%
442,241 Miami
88%
1,434,625 San Antonio
86%
1,386,932 San Diego
83%
641,903 Las Vegas
78%
1,013,240 San Jose
76%
874,579 Charlotte
73%
564,559 Albuquerque
65%
681,054 Oklahoma City
64%
524,943 Sacramento
63%
905,748 Columbus
57%
542,107 Fresno
54%
504,258 Mesa
45%
466,742 Long Beach
41%
459,470 Virginia Beach
41%
478,961 Colorado Springs
36%
No matching quizzes found
Score Distribution
Percent of People with Each Score
Percentile by Number Answered
Your Score History
You have not taken this quiz